000 00297nam a2200109Ia 4500
008 200302s9999 xx 000 0 und d
100 _aCrutis Fentress
245 _aTouchstones Of Design: Redefining Public Architecture
260 _bImages Publishing, Austraila
260 _c2010
300 _a128 P
999 _c4949
_d4949